Anatomía topográfica del caballo / (Record no. 39384)

MARC details
000 -LEADER
campo de control de longitud fija 00688nam a2200217 i 4500
001 - NÚMERO DE CONTROL
campo de control 39384
003 - IDENTIFICADOR DE NÚMERO DE CONTROL
campo de control ES-MaACL
005 - FECHA Y HORA DE LA ÚLTIMA TRANSACCIÓN
campo de control 20230906155949.0
007 - CAMPO FIJO DE DESCRIPCIÓN FÍSICA--INFORMACIÓN GENERAL
campo de control de longitud fija t|
008 - DATOS DE LONGITUD FIJA--INFORMACIÓN GENERAL
campo de control de longitud fija 030303s1956 sp ||||1| spa d
100 1# - ENTRADA PRINCIPAL--NOMBRE DE PERSONA
Nombre de persona Calleja Pérez, Nicolás.
9 (RLIN) 33729
245 10 - MENCIÓN DEL TÍTULO
Título Anatomía topográfica del caballo /
Mención de responsabilidad, etc. por Nicolás Calleja Pérez.
250 ## - MENCION DE EDICION
Mención de edición 2ª ed.
260 ## - PUBLICACIÓN, DISTRIBUCIÓN, ETC.
Lugar de publicación, distribución, etc. Barcelona :
Nombre del editor, distribuidor, etc. Labor,
Fecha de publicación, distribución, etc. 1956 (
Fabricante Tall. Ibero-Americanos)
300 ## - DESCRIPCIÓN FÍSICA
Extensión XXII, 405 p. :
Otras características físicas il. ;
Dimensiones 24 cm.
490 1# - MENCIÓN DE SERIE
Mención de serie Publicaciones de veterinaria Labor
650 #4 - PUNTO DE ACCESO ADICIONAL DE MATERIA--TÉRMINO DE MATERIA
Término de materia o nombre geográfico como elemento de entrada Caballos-
Subdivisión general Anatomía.
9 (RLIN) 168283
830 1# - PUNTO DE ACCESO ADICIONAL DE SERIE-TÍTULO UNIFORME
Título uniforme Publicaciones de veterinaria Labor
9 (RLIN) 229702
852 ## - LOCALIZACIÓN
Ubicación ES-MaACL
Número de control de estantería C-10966
Holdings
Estatus retirado Estado de pérdida Estado de daño No para préstamo Biblioteca de origen Biblioteca actual Ubicación en estantería Fecha de adquisición Fuente de adquisición Total de préstamos Signatura topográfica completa Código de barras Visto por última vez Precio de reemplazo Tipo de ítem Koha
        Biblioteca del Ateneo de Madrid Biblioteca del Ateneo de Madrid Sala Palomar 17/01/2008     C-10966 1041478 23/02/2023 23/02/2023 Libro impreso